О Комиссии содействия Госкредиту и сберегательному делу Туркменской ССР

Доступно только в Электронных читальных залах Найти на картеНа карте
RUSMARC
00004677nmc2a22003253x 450
0017bdd2c41-045a-4f39-ab69-837b2bbf4287
00520230719091825.0
100##$a20230613l19291931k y0rusy50 ca
1010#$arus
$atuk
102##$aRU
105##$aa z |||||
1222#$ad19290828
$ad19310612
2001#$aО Комиссии содействия Госкредиту и сберегательному делу Туркменской ССР
$j28.08.1929 - 12.06.1931
215##$a81 лист
$cтабл.
$d38,7 х 26,7
251##$cДело
300##$aЗаголовок дела на папке: Комиссии содействия Госкредиту и сберегательному делу Туркмен. ССР
300##$aВ деле обратная нумерация листов
300##$aЛисты: 80, 68, 67, 45 - текст уходит в корешок дела
300##$aЧасть текста на туркменском языке
300##$aВ деле имеются телеграммы
300##$aЧасть текста машинописная и рукописная, часть - напечатана типографским способом
324##$aВ деле имеются копии отдельных документов
461#0$1001796d4672-8a00-4986-b488-6e42273792cc
$12001
$aЦЕНТРАЛЬНЫЙ ИСПОЛНИТЕЛЬНЫЙ КОМИТЕТ СССР (ЦИК СССР).
$1251
$cФонд
$1852
$gР
$j3316
462#0$10016e6e8ba4-e15f-4ad4-8937-f1e88c150bfe
$12001
$aДела Секретариата Президиума ЦИК Союза ССР. 1929 г.
$vД. 627
$1251
$cОпись
$1852
$j22
5171#$aКомиссии содействия Госкредиту и сберегательному делу Туркмен. ССР
60101$3RU\NLR\AUTH\880357276
$aСССР
$bЦИК
60102$aТуркменская ССР. Комиссия содействия государственному кредиту и сберегательному делу
801#0$aRU
$bGA_RF
801#1$aRU
$bГлавНИВЦ
$c20230613
$2rusmarc
801#2$aRU
$bПБ им. Б.Н. Ельцина
$c20230719
$gRCR
$2rusmarc
852##$aГА РФ
$j627
937##$d186648130
$hГАРФ
035##$aRuPRLIB51072575
856##$uhttp://readingroom.main.prlib.ru/item.aspx?id_node=n186648130&mode=full
Формат отображения